| 000 | 00839nam a2200205Ia 4500 | ||
|---|---|---|---|
| 005 | 20241216011259.0 | ||
| 008 | 190429s9999||||xx |||||||||||||| ||und|| | ||
| 082 |
_a622 _bL584 |
||
| 100 | _aLUIS CARHUAZ JULIO CESAR | ||
| 245 | 0 |
_aANALISIS DE TARIFAS ESTRUCTURACION DE PRECIOS UNITARIOS ( MANO DE OBRA Y SCOOPTRAM )-COMPANIA MINERA VOLCAN S.A.C. UNIDAD PARAGSHA _b+cd |
|
| 250 | _a0 | ||
| 260 |
_aCERRO DE PASCO-PERU _bUNDAC _c2013 |
||
| 300 |
_a50 pag. _c30 cm. |
||
| 341 | _h0 | ||
| 490 |
_v0 _a0 |
||
| 505 | _aCAPITULO I: PLANTEAMIENTO DEL PROBLEMA, CAPITULO II: MARCO TEÓRICO Y CONCEPTUAL, CAPITULO III: METODOLOG═A Y TECNICAS DE INVESTIGACIÓN Y CAPITULO IV: AN┴LISIS, DESCRIPTIVO, EXPLICATIVO Y CONTRASTACIÓN DE RESULTADOS | ||
| 541 |
_aD _bLUIS CARHUAZ JULIO CESAR _d01-Jan-05 _oSoles |
||
| 650 | _aMinas | ||
| 942 | _cTESIS | ||
| 999 |
_c37553 _d37553 |
||